000 02410cam a2200565 i 4500
001 sjds840888
003 sjds
005 20160905104813.0
008 151230s2016 scua b b 000 1 spa
010 _a 2015030427
020 _a9781628557411 (spanish pbk.)
020 _a1628557419 (spanish pbk.)
020 _z9781628557558 (spanish downloadable ebook)
020 _z9781628557695 (spanish interactive dual-language ebook)
020 _z9781628557275 (english hardcover)
020 _z1628557273 (english hardcover)
020 _z9781628557343 (english pbk.)
020 _z1628557346 (english pbk.)
020 _z9781628557480 (english downloadable ebook)
020 _z9781628557626 (english interactive dual-language ebook)
035 _a(OCoLC)933587918
035 _a831429
035 _a(OCoLC)ocn933587918
035 _a831429
040 _aDLC
_beng
_erda
_cDLC
_dBDX
_dSXP
_dIFA
041 1 _aspa
_heng
042 _alcac
_apcc
049 _aIFAA
099 _f2016
999 _c16181
_d16181
999 _bESPANOL PICTURE BOOKS WEBER 2016
100 1 _aWeber, Jen Funk,
_eauthor.
240 1 0 _aBeen there, done that: reading animal signs.
_llSpanish
245 1 0 _aAlguien ha estado aquí, alguien lo ha hecho :
_bdescifrando las señales de los animales /
_cpor Jen Funk Weber ; ilustrado por Andrea Gabriel.
260 _aMount Pleasant, SC :
_bArbordale Publishing,
_c[2016]
300 _a1 volume (unpaged) :
_bcolor illustrations ;
_c25 cm
336 _atext
_2rdacontent
336 _astill image
_2rdacontent
337 _aunmediated
_2rdamedia
338 _avolume
_2rdacarrier
504 _aIncludes bibliographical references.
520 _aWhen Cole's visit with his friend Helena nears its end, he asks where all the wild animals are and she takes him on a trail, showing signs of beavers, snowshoe hares, eagles, and more along the way. Includes activities.
650 0 _aTracking and trailing
_vJuvenile fiction.
650 0 _aAnimal tracks
_vJuvenile fiction.
650 0 _aNature study
_vJuvenile fiction.
650 7 _aEstudio de la naturaleza
_vNovela juvenil.
_2bidex
650 1 _aSpanish language materials.
700 1 _aGabriel, Andrea,
_eillustrator.
776 0 8 _iOnline version:
_aWeber, Jen Funk, author.
_tAlguien ha estado aquí, alguien lo ha hecho
_dMount Pleasant, SC : Arbordale Publishing, [2016]
_z9781628557558
_w(DLC) 2015051402
942 _cBK
_2ddc